| 000 | nam a22 a 4500 | ||
|---|---|---|---|
| 999 |
_c3074 _d3074 |
||
| 003 | AKMAL | ||
| 005 | 20170519110332.0 | ||
| 008 | 170519s2006 my | e | a001 s may d | ||
| 020 |
_a9833109144 (kkt.) : _cRM45.00 |
||
| 039 | 9 |
_a200912081513 _bazma _c200912080900 _dhayati _c200910191059 _dramunai _c200907081145 _dnorazah |
|
| 040 |
_aAKMAL _cAKMAL |
||
| 041 | 0 |
_amay _aeng |
|
| 049 | _aklpmal | ||
| 082 | 0 | 4 |
_a658.3 ABD _222 |
| 090 | 0 | 0 |
_a658.3 _bABD |
| 090 | 2 | 0 |
_a658.3 _bABD |
| 100 | 0 |
_aAbdullah Ahmad Badawi, _cTun, _d1939- _9482 |
|
| 245 | 1 | 0 |
_aPembangunan modal insan : koleksi ucapan Dato' Seri Abdullah Ahmad Badawi = _bHuman capital development : collection of speeches by Dato' Seri Abdullah Ahmad Badawi / _cAbdullah Ahmad Badawi |
| 246 | 3 | 1 |
_aHuman capital development : _bcollection of speeches by Dato' Seri Abdullah Ahmad Badawi |
| 260 |
_aKuala Lumpur : _bInstitut Tadbiran Awam Negara, _c2006 |
||
| 300 |
_axxvii, 296ms. ; _c25cm. |
||
| 500 | _aMengandungi indeks | ||
| 546 | _aTeks sejajar bahasa Malaysia dan Inggeris | ||
| 650 | 1 | 0 |
_aHuman capital _zMalaysia _93398 |
| 650 | 2 | 0 |
_aLabor policy _zMalaysia _96383 |
| 650 | 2 | 0 |
_aIslam and state _zMalaysia _91538 |
| 650 | 2 | 0 |
_aIslam _xDoctrines _9894 |
| 710 | 2 |
_aInstitut Tadbiran Awam Negara _9410 |
|
| 942 |
_2ddc _cBOOK |
||